[Event "FIDE World Cup 2023"]
[Site "Baku AZE"]
[Date "2023.07.31"]
[Round "1.2"]
[White "Demchenko, Anton"]
[Black "Leiva, Gianmarco"]
[Result "1/2-1/2"]
[WhiteTitle "GM"]
[BlackTitle "IM"]
[WhiteElo "2623"]
[BlackElo "2374"]
[WhiteFideId "4160258"]
[BlackFideId "3804399"]
[EventDate "2023.07.30"]
[EventType "k.o."]

1. e4 c5 2. Nc3 Nc6 3. Nge2 g6 4. d4 cxd4 5. Nxd4 Bg7 6. Nb3 d6 7. Be3 Nf6 8.
Qd2 a6 9. f3 b5 10. O-O-O Be6 11. Nd5 O-O 12. h4 Rc8 13. h5 Bxd5 14. exd5 Nxd5
15. Qxd5 Nb4 16. Qd2 Rxc2+ 17. Qxc2 Nxc2 18. Kxc2 b4 19. Kb1 a5 20. hxg6 hxg6
21. Bb5 Qa8 22. Ba4 Qa6 23. Rhe1 e6 24. Rd2 Rc8 25. Red1 d5 26. f4 Qd6 27. g3
Rc4 28. Rd3 Qd8 29. Bd4 g5 30. Bxg7 Kxg7 31. Nd2 Rc8 32. Rf1 Qf6 33. Bc2 g4 34.
Re1 Ra8 35. Nf1 a4 36. Re5 Kf8 37. Rd4 b3 38. axb3 a3 39. Ra4 Rxa4 40. bxa4 Qe7
41. Re3 axb2 42. Rb3 Qa7 43. Ne3 f5 44. Kxb2 Ke7 45. Kc1 Kf6 46. Rd3 Qc5 47. Kd1
Qb6 48. Bb3 Qb4 49. Nc2 Qe4 50. Kd2 Qg2+ 51. Kc3 Qg1 52. Kb2 Qf1 53. Re3 Qd1 54.
Kc3 Qh1 55. Rd3 Qg1 56. Ba2 Qa7 57. Kb3 e5 58. fxe5+ Kxe5 59. Nb4 Qb8 60. Ka3
Qf8 61. Rxd5+ Ke4 62. Bb1+ Ke3 63. Bxf5 Qg7 64. Rd3+ Kf2 65. Bd7 Kg2 66. Bc6+
Kh3 67. Bb5 Qa1+ 68. Kb3 Qb1+ 69. Kc4 Qa1 70. Nc6 Qc1+ 71. Rc3 Qf1+ 72. Rd3 Qf7+
73. Kb4 Qg7 74. Kc5 Qf8+ 75. Kb6 Qf2+ 76. Kb7 Qf5 77. Ka6 Qf7 78. a5 Qc7 79. Nd8
Qc5 80. Nc6 Kh2 81. Na7 Qc7 82. Nc6 Kh3 83. Nb4 Qe7 84. Nd5 Qc5 85. Nf4+ Kh2 86.
Bd7 Qb4 87. Bc6 Qc5 88. Bd5 Qb4 89. Rb3 Qd6+ 90. Kb5 Qb8+ 91. Ka4 Qe8+ 92. Kb4
Qe7+ 93. Kb5 Qe8+ 94. Bc6 Qb8+ 95. Ka4 Qd6 96. Rc3 Qd1+ 97. Kb4 Qb1+ 98. Rb3
Qe1+ 99. Ka4 Qa1+ 100. Kb5 Qe5+ 101. Bd5 Qb8+ 102. Ka4 Qe8+ 103. Rb5 Qe5 104.
Bb7 Qa1+ 105. Kb4 Kxg3 106. Nd5 Qd4+ 107. Kb3 Qd1+ 108. Kc4 Qf1+ 109. Kb4 Kh4
110. a6 g3 111. Nc3 g2 112. Bxg2 Qxg2 113. Ra5 Qf2 114. Ra4 Qa7 115. Nb5 Qa8
116. a7 Kh5 117. Ra5 Kh4 118. Nd6 Kg4 119. Kc5 Kf4 120. Ra6 Ke5 121. Nc4+ Ke4
122. Nb6 Qf8+ 123. Kb5 Qe8+ 124. Kb4 Qf8+ 125. Kb5 Qe8+ 126. Kc5 Qf8+ 127. Kc6
Qf6+ 128. Kb5 Qe5+ 129. Kb4 Qb2+ 130. Ka4 Qd4+ 131. Kb5 Qe5+ 132. Kc6 Qf6+ 133.
Kc7 Qe5+ 134. Kd8 Qf6+ 135. Kd7 Qf7+ 136. Kc6 1/2-1/2

[Event "FIDE World Cup 2023"]
[Site "Baku AZE"]
[Date "2023.07.31"]
[Round "1.2"]
[White "Zaibi, Amir"]
[Black "Indjic, Aleksandar"]
[Result "0-1"]
[WhiteTitle "GM"]
[BlackTitle "GM"]
[WhiteElo "2375"]
[BlackElo "2619"]
[WhiteFideId "5500796"]
[BlackFideId "911925"]
[EventDate "2023.07.30"]
[EventType "k.o."]

1. e4 e5 2. Bc4 Nf6 3. d3 Nc6 4. Nc3 Bc5 5. f4 d6 6. Nf3 h6 7. Na4 exf4 8. e5
Nh5 9. d4 Nxd4 10. Nxc5 dxc5 11. c3 Be6 12. Bxe6 Nxe6 13. Qb3 Qd3 14. Qxb7 O-O
15. Rf1 Rab8 16. Qc6 Rb6 17. Qa4 Rxb2 18. Bxb2 Qe3+ 19. Kd1 Rd8+ 20. Nd4 cxd4
21. c4 Qd3+ 22. Ke1 Qe4+ 23. Kd1 Qxg2 0-1

[Event "FIDE World Cup 2023"]
[Site "Baku AZE"]
[Date "2023.07.31"]
[Round "1.2"]
[White "Svane, Frederik"]
[Black "Lee, Jun Hyeok"]
[Result "1-0"]
[WhiteTitle "GM"]
[BlackTitle "IM"]
[WhiteElo "2618"]
[BlackElo "2378"]
[WhiteFideId "12923044"]
[BlackFideId "13202340"]
[EventDate "2023.07.30"]
[EventType "k.o."]

1. e4 c5 2. Nf3 d6 3. Bb5+ Bd7 4. Bxd7+ Qxd7 5. c4 e5 6. Nc3 Nc6 7. d3 g6 8. a3
Bg7 9. O-O Nge7 10. Bg5 f6 11. Be3 O-O 12. b4 b6 13. Nd5 f5 14. Qa4 Rae8 15.
Rfe1 h6 16. bxc5 dxc5 17. Bd2 fxe4 18. dxe4 g5 19. Rad1 Qc8 20. Bc3 Rf7 21.
Nxe7+ Rexe7 22. Rd5 Re6 23. Qd1 Qf8 24. h3 Rfe7 25. Nh2 Nd4 26. Nf1 Rf7 27. f3
Kh7 28. Ng3 Kg6 29. Kh1 Rfe7 30. Qd3 Kh7 31. Nf5 Rf7 32. g4 Rc7 33. Kg2 b5 34.
cxb5 c4 35. Qd1 Qxa3 36. Bxd4 exd4 37. Nxd4 Rf6 38. e5 Rf4 39. Ne6 c3 40. Qc2+ 1-0

[Event "FIDE World Cup 2023"]
[Site "Baku AZE"]
[Date "2023.07.31"]
[Round "1.2"]
[White "Hossain, Enamul"]
[Black "Kollars, Dmitrij"]
[Result "1/2-1/2"]
[WhiteTitle "GM"]
[BlackTitle "GM"]
[WhiteElo "2386"]
[BlackElo "2618"]
[WhiteFideId "10200649"]
[BlackFideId "12909572"]
[EventDate "2023.07.30"]
[EventType "k.o."]

1. e4 e5 2. Nf3 Nc6 3. Bb5 a6 4. Ba4 Nf6 5. O-O Be7 6. Re1 b5 7. Bb3 O-O 8. h3
Bb7 9. d3 Na5 10. Nxe5 Nxb3 11. axb3 d5 12. exd5 Qxd5 13. Qf3 Bd6 14. Kf1 Rfb8
15. Qxd5 Nxd5 16. Bd2 Rd8 17. Nf3 c5 18. Nc3 Nb4 19. Rac1 Bf8 20. Ne4 Rac8 21.
Bc3 f6 22. Nh4 Kf7 23. Nf5 Rc6 24. Re2 Nd5 25. Bd2 g6 26. Nh4 Nc7 27. Ba5 Rd7
28. Bxc7 Rcxc7 29. Nf3 Bg7 30. Rce1 h6 31. h4 Bc8 32. Nc3 Rd8 33. Nd2 g5 34.
hxg5 hxg5 35. Nce4 Kg6 36. Kg1 f5 37. Nc3 g4 38. Re7 Rxe7 39. Rxe7 Bd7 40. Nf1
Bf6 41. Re1 Bd4 42. Ng3 Re8 43. Rxe8 Bxe8 44. Nd5 Bd7 45. c3 Be5 46. Ne2 Kg5 47.
g3 Be6 48. Nef4 Bf7 49. Kf1 a5 50. Ke2 b4 51. Ke3 Bg8 52. d4 cxd4+ 53. cxd4 Bb8
54. Kd3 Bf7 55. Kc4 Bxf4 56. gxf4+ Kh4 57. Kc5 g3 58. fxg3+ Kxg3 59. Nc7 Kxf4
60. d5 Ke5 61. d6 Kf6 62. Kb6 Bxb3 63. Kxa5 f4 64. Kxb4 Be6 65. Kc3 Ke5 66. Nxe6
Kxe6 67. Kd4 Kxd6 68. Ke4 Kc5 69. Kxf4 Kb4 1/2-1/2

[Event "FIDE World Cup 2023"]
[Site "Baku AZE"]
[Date "2023.07.31"]
[Round "1.2"]
[White "Henriquez Villagra, Cristobal"]
[Black "Cawdery, Daniel"]
[Result "1/2-1/2"]
[WhiteTitle "GM"]
[BlackTitle "IM"]
[WhiteElo "2618"]
[BlackElo "2388"]
[WhiteFideId "3409350"]
[BlackFideId "14300249"]
[EventDate "2023.07.30"]
[EventType "k.o."]

1. e4 c5 2. Nf3 Nc6 3. Bb5 g6 4. O-O Bg7 5. Re1 Nf6 6. Bxc6 dxc6 7. d3 Bg4 8.
Nbd2 Nd7 9. h3 Bxf3 10. Qxf3 O-O 11. a4 a5 12. h4 h5 13. Qg3 Ne5 14. Nf3 Nxf3+
15. Qxf3 Qd6 16. Qe2 Rfd8 17. e5 Qe6 18. b3 Rd4 19. g3 Rad8 20. Bb2 R4d5 21. Qe3
Qg4 22. Kg2 Qe6 23. Bc3 b6 24. Re2 Kh7 25. Rae1 Qf5 26. Qc1 Bh6 27. Qd1 Qe6 28.
Re4 R5d7 29. Qe2 Bg7 30. Qf3 Qd5 31. R1e2 Qe6 32. Kh2 Rf8 33. Qg2 Rd5 34. f3
Rfd8 35. g4 Bh6 36. Qg3 Rg8 37. Rg2 Rdd8 38. Qh3 Rd5 39. Kg1 Rdd8 40. Qg3 Rc8
41. Kh1 Rcd8 42. Kh2 Rc8 43. Qe1 Rcd8 44. Bd2 Bxd2 45. Qxd2 hxg4 46. Rgxg4 Rd5
47. Qe3 Kg7 48. Rg5 Rh8 49. Reg4 Kf8 50. c4 Rd8 51. Kg3 Ke8 52. d4 cxd4 53. Rxd4
c5 54. Rd3 Rxd3 55. Qxd3 Qd7 56. Qe4 Kf8 57. e6 Qd1 58. Kh2 Qd6+ 59. Kh3 Qd1 1/2-1/2

[Event "FIDE World Cup 2023"]
[Site "Baku AZE"]
[Date "2023.07.31"]
[Round "1.2"]
[White "Amartuvshin, Ganzorig"]
[Black "Iturrizaga Bonelli, Eduardo"]
[Result "0-1"]
[WhiteTitle "IM"]
[BlackTitle "GM"]
[WhiteElo "2407"]
[BlackElo "2617"]
[WhiteFideId "4902548"]
[BlackFideId "3901211"]
[EventDate "2023.07.30"]
[EventType "k.o."]

1. d4 Nf6 2. c4 e6 3. Nf3 b6 4. g3 Ba6 5. Qc2 c5 6. Bg2 Nc6 7. dxc5 bxc5 8. a3
Be7 9. O-O O-O 10. Rd1 Qb6 11. Be3 d5 12. Nbd2 h6 13. b4 d4 14. Bxh6 gxh6 15. b5
Bxb5 16. cxb5 Qxb5 17. Rdb1 Qa6 18. Nb3 Nd7 19. Qe4 Rfc8 20. Qg4+ Kf8 21. Qf4
Kg7 22. Qg4+ Kf8 23. Qf4 Rab8 24. Qxh6+ Ke8 25. Ng5 Nd8 26. Bf3 Qd6 27. Qh8+ Bf8
28. Qg8 Qe5 29. Ne4 c4 30. Nc1 Ke7 31. Qg4 Bg7 32. Nd2 Bf6 33. h4 d3 34. exd3
Qe1+ 35. Kg2 Rxb1 36. Rxb1 Qxd2 37. dxc4 Ne5 38. Qe4 Rxc4 39. Qe2 Qc3 40. Be4
Qxa3 41. Nb3 Qa4 42. f3 Rc3 43. Nd2 Nc4 44. Nf1 Nd6 45. Bd3 Nc6 46. Ne3 Ne5 47.
Bh7 Qd4 48. Nc2 0-1

[Event "FIDE World Cup 2023"]
[Site "Baku AZE"]
[Date "2023.07.31"]
[Round "1.2"]
[White "Berkes, Ferenc"]
[Black "Darini, Pouria"]
[Result "1-0"]
[WhiteTitle "GM"]
[BlackTitle "GM"]
[WhiteElo "2615"]
[BlackElo "2412"]
[WhiteFideId "718572"]
[BlackFideId "12502200"]
[EventDate "2023.07.30"]
[EventType "k.o."]

1. d4 Nf6 2. c4 g6 3. Nc3 d5 4. Nf3 Bg7 5. e3 O-O 6. cxd5 Nxd5 7. Bc4 Nb6 8. Bb3
c5 9. O-O cxd4 10. exd4 Nc6 11. d5 Na5 12. h3 Nxb3 13. axb3 e6 14. d6 Bd7 15.
Bg5 f6 16. Be3 Bc6 17. Bc5 Qd7 18. Nd4 Nd5 19. Nxc6 Qxc6 20. Nxd5 Qxd5 21. Qxd5
exd5 22. Rfd1 Rfd8 23. Rxd5 Bf8 24. g4 Kf7 25. f4 Ke6 26. Rd3 Rac8 27. Bb4 Rc6
28. Rxa7 Rd7 29. Ra1 Bxd6 30. Re1+ Kf7 31. Kf1 Rd8 32. Red1 Ke7 33. f5 gxf5 34.
gxf5 Rd7 35. Ke2 Rb6 36. Ba3 Rc6 37. Kf3 h5 38. Rd5 Rb6 39. R1d3 Rc6 40. R3d4
Rb6 41. b4 1-0

[Event "FIDE World Cup 2023"]
[Site "Baku AZE"]
[Date "2023.07.31"]
[Round "1.2"]
[White "Hesham, Abdelrahman"]
[Black "Bartel, Mateusz"]
[Result "1/2-1/2"]
[WhiteTitle "GM"]
[BlackTitle "GM"]
[WhiteElo "2414"]
[BlackElo "2614"]
[WhiteFideId "10600183"]
[BlackFideId "1112635"]
[EventDate "2023.07.30"]
[EventType "k.o."]

1. d4 Nf6 2. c4 e6 3. Nc3 Bb4 4. e3 O-O 5. Bd2 b6 6. Bd3 d5 7. cxd5 exd5 8. Nf3
Ba6 9. Bxa6 Nxa6 10. O-O Re8 11. Qa4 Qc8 12. Rfd1 Bf8 13. Ne2 c5 14. dxc5 bxc5
15. Ng3 Ne4 16. Ba5 Qe6 17. Nxe4 dxe4 18. Ng5 Qe5 19. Bc3 Qxg5 20. Qxa6 Re6 21.
Qb7 Rae8 22. Rd5 Qh4 23. Rf5 R8e7 24. Qd5 Re8 25. Rd1 g6 26. Re5 Rxe5 27. Bxe5
Qg5 28. Bc3 Qxd5 29. Rxd5 f5 30. Rd7 Re7 31. Rd6 Kf7 32. Ra6 Rd7 33. Kf1 Bd6 34.
Rc6 Ke6 35. Rc8 Kd5 1/2-1/2

[Event "FIDE World Cup 2023"]
[Site "Baku AZE"]
[Date "2023.07.31"]
[Round "1.2"]
[White "Paravyan, David"]
[Black "Tran, Thanh Tu"]
[Result "1-0"]
[WhiteTitle "GM"]
[BlackTitle "CM"]
[WhiteElo "2612"]
[BlackElo "2420"]
[WhiteFideId "4194985"]
[BlackFideId "12401404"]
[EventDate "2023.07.30"]
[EventType "k.o."]

1. e4 c5 2. Nf3 e6 3. d4 cxd4 4. Nxd4 a6 5. h3 Qc7 6. Bd3 Bc5 7. Nb3 Be7 8. Qg4
g6 9. Qe2 Nc6 10. O-O Nf6 11. f4 Nb4 12. Nc3 b5 13. Be3 Bb7 14. Qf2 d5 15. e5
Ne4 16. Bxe4 dxe4 17. Bb6 Qc8 18. Na5 O-O 19. Rad1 Nd5 20. Nxb7 Nxc3 21. Nd6
Bxd6 22. Rxd6 Nd5 23. Bd4 Rd8 24. Rxd8+ Qxd8 25. c3 b4 26. c4 Ne7 27. g4 Nc6 28.
Be3 Qd3 29. Qd2 Rd8 30. Qxd3 Rxd3 31. Kf2 b3 32. a3 g5 33. fxg5 Nxe5 34. Rc1 Rd8
35. Rc3 Nd3+ 36. Kg3 Nxb2 37. c5 Rd3 38. Rxd3 exd3 39. c6 d2 40. c7 d1=Q 41.
c8=Q+ Kg7 42. Qc3+ Kg8 43. Qxb2 a5 44. Qd4 Qxd4 45. Bxd4 Kf8 46. a4 Ke7 47. Kf4
Kd6 48. Ke4 Kc6 49. Ke5 Kd7 50. Bc3 Kc6 51. Kd4 e5+ 52. Kc4 1-0

[Event "FIDE World Cup 2023"]
[Site "Baku AZE"]
[Date "2023.07.31"]
[Round "1.2"]
[White "Mohammad Fahad, Rahman"]
[Black "Vocaturo, Daniele"]
[Result "0-1"]
[WhiteTitle "IM"]
[BlackTitle "GM"]
[WhiteElo "2428"]
[BlackElo "2609"]
[WhiteFideId "10207791"]
[BlackFideId "813192"]
[EventDate "2023.07.30"]
[EventType "k.o."]

1. d4 Nf6 2. c4 g6 3. Nc3 d5 4. Nf3 Bg7 5. Qb3 dxc4 6. Qxc4 O-O 7. e4 Nc6 8. Be2
e5 9. d5 Nd4 10. Nxd4 exd4 11. Qxd4 c6 12. Qc4 cxd5 13. exd5 b5 14. Qxb5 a5 15.
Qc6 Rb8 16. Qc5 Re8 17. O-O Bf5 18. Bb5 Ne4 19. Nxe4 Rxe4 20. Bc6 Bd4 21. Qa3
Rb4 22. h3 Re2 23. Qf3 Rc2 24. Be3 Bxb2 25. Rad1 Qd6 26. Bd2 Rd4 27. Bxa5 Rf4
28. Qe3 Re4 29. Qb6 Bf6 30. Qc7 Qa3 31. Qb8+ Kg7 32. Bc7 Rb4 33. Bb7 Rxc7 34.
Qxc7 Qa7 35. g4 Rxb7 36. Qf4 Bd7 37. g5 Bd8 38. Rd2 Qa3 39. h4 Kg8 40. Re1 Ba5 0-1

[Event "FIDE World Cup 2023"]
[Site "Baku AZE"]
[Date "2023.07.31"]
[Round "1.2"]
[White "Paragua, Mark"]
[Black "Pechac, Jergus"]
[Result "1/2-1/2"]
[WhiteTitle "GM"]
[BlackTitle "GM"]
[WhiteElo "2438"]
[BlackElo "2608"]
[WhiteFideId "5201241"]
[BlackFideId "14926970"]
[EventDate "2023.07.30"]
[EventType "k.o."]

1. Nf3 e6 2. g3 c5 3. Bg2 Nc6 4. O-O d5 5. d3 Nf6 6. Nbd2 Be7 7. e4 O-O 8. Re1
Qc7 9. Nf1 dxe4 10. dxe4 Rd8 11. Qe2 Nd4 12. Nxd4 cxd4 13. e5 Nd5 14. a3 Bd7 15.
Rd1 Qc5 16. Be4 Bb5 17. Qg4 Kh8 18. Bg5 Rac8 19. Nd2 Bxg5 20. Qxg5 f5 21. exf6
Nxf6 22. Qxc5 Rxc5 23. Bd3 Bxd3 24. cxd3 Rc2 25. Nc4 Rc8 26. a4 Ng4 27. Rdc1
Rxc1+ 28. Rxc1 Ne5 29. b3 Nxd3 30. Rd1 Nc5 31. Rxd4 Nxb3 32. Rd7 Nc5 1/2-1/2

[Event "FIDE World Cup 2023"]
[Site "Baku AZE"]
[Date "2023.07.31"]
[Round "1.2"]
[White "Brkic, Ante"]
[Black "Matamoros Franco, Carlos S."]
[Result "1/2-1/2"]
[WhiteTitle "GM"]
[BlackTitle "GM"]
[WhiteElo "2608"]
[BlackElo "2441"]
[WhiteFideId "14506688"]
[BlackFideId "3600017"]
[EventDate "2023.07.30"]
[EventType "k.o."]

1. e4 c6 2. d4 d5 3. e5 c5 4. Nf3 Nc6 5. dxc5 Bg4 6. c3 e6 7. Be3 a6 8. Nbd2
Nxe5 9. Be2 Nc6 10. h3 Bxf3 11. Nxf3 Nf6 12. b4 g6 13. O-O Bg7 14. Nd4 O-O 15.
a4 Ne4 16. Rc1 Qf6 17. Nxc6 bxc6 18. c4 Nc3 19. Qd3 Nxa4 20. cxd5 exd5 21. Ra1
Nc3 22. Rxa6 Rxa6 23. Qxa6 Nxe2+ 24. Qxe2 Rb8 25. Qa6 h5 26. Rb1 Qf5 27. Rc1 Qd7
28. Bd2 Kh7 29. Re1 Bh6 30. Bc3 Bg7 31. Bd2 Bh6 32. Bc3 Bg7 1/2-1/2

[Event "FIDE World Cup 2023"]
[Site "Baku AZE"]
[Date "2023.07.31"]
[Round "1.2"]
[White "Antipov, Mikhail Al."]
[Black "Stearman, Josiah"]
[Result "1/2-1/2"]
[WhiteTitle "GM"]
[BlackTitle "IM"]
[WhiteElo "2606"]
[BlackElo "2444"]
[WhiteFideId "4107012"]
[BlackFideId "2062496"]
[EventDate "2023.07.30"]
[EventType "k.o."]

1. e4 c5 2. Nf3 Nc6 3. Bb5 e6 4. O-O Nge7 5. Re1 Nd4 6. Nxd4 cxd4 7. c3 a6 8.
Bf1 Nc6 9. d3 Bc5 10. Nd2 e5 11. Nb3 d6 12. cxd4 Nxd4 13. Be3 Qb6 14. Nxc5 dxc5
15. Bxd4 exd4 16. Rc1 Be6 17. Qa4+ Bd7 18. Qa3 Rc8 19. Rc2 O-O 20. Rec1 Qh6 21.
b3 Qd6 22. g3 f5 23. e5 Qxe5 24. Rxc5 Qd6 25. Qb4 Be6 26. a3 f4 27. Be2 Rxc5 28.
Qxc5 Qxc5 29. Rxc5 f3 30. Bd1 Bh3 31. b4 Re8 32. Bb3+ Kf8 33. Rc1 Be6 34. Bxe6
Rxe6 35. h4 b5 36. g4 Re2 37. Rc6 Rd2 38. Rxa6 Rxd3 39. Kh2 Ke7 40. Kg3 Rd1 41.
Kxf3 Re1 42. Ra7+ Ke6 43. Ra8 Kd5 44. Rd8+ Kc4 45. Rc8+ Kb3 46. Rd8 Kc3 47. Rc8+
Kd2 48. Rc7 Re8 49. Rxg7 Rd8 50. Rxh7 d3 51. Rc7 Kd1 52. Kg2 d2 53. Kf1 Rd4 54.
f3 Rc4 55. Rd7 Rc7 56. Rxc7 1/2-1/2

[Event "FIDE World Cup 2023"]
[Site "Baku AZE"]
[Date "2023.07.31"]
[Round "1.2"]
[White "Puranik, Abhimanyu"]
[Black "Ibarra Chami, Luis Fernando"]
[Result "1-0"]
[WhiteTitle "GM"]
[BlackTitle "GM"]
[WhiteElo "2605"]
[BlackElo "2448"]
[WhiteFideId "5061245"]
[BlackFideId "5105048"]
[EventDate "2023.07.30"]
[EventType "k.o."]

1. e4 e5 2. Nf3 Nc6 3. Bb5 a6 4. Ba4 Nf6 5. O-O Be7 6. Re1 b5 7. Bb3 d6 8. c3
O-O 9. h3 Nb8 10. d4 Nbd7 11. Nbd2 Bb7 12. Bc2 Re8 13. Nf1 Bf8 14. Ng3 g6 15. b3
Bg7 16. d5 Nb6 17. Rb1 c6 18. c4 Qc7 19. Bd3 Rab8 20. Bd2 Nbd7 21. Bf1 Rec8 22.
Rc1 bxc4 23. dxc6 Bxc6 24. Bxc4 Qb7 25. Bc3 Nb6 26. Bd3 Nfd7 27. a4 Nc5 28. a5
Bh6 29. axb6 Bxc1 30. Bc4 Bf4 31. Qxd6 Bb5 32. Nxe5 Ne6 33. Bxe6 Rxc3 34. Bxf7+
Qxf7 35. Qxb8+ Kg7 36. b7 Bc6 37. Qd6 1-0

[Event "FIDE World Cup 2023"]
[Site "Baku AZE"]
[Date "2023.07.31"]
[Round "1.2"]
[White "Bilguun, Sumiya"]
[Black "Bachmann, Axel"]
[Result "0-1"]
[WhiteTitle "GM"]
[BlackTitle "GM"]
[WhiteElo "2457"]
[BlackElo "2604"]
[WhiteFideId "4901541"]
[BlackFideId "3700488"]
[EventDate "2023.07.30"]
[EventType "k.o."]

1. e4 c5 2. Nc3 e6 3. f4 d5 4. Nf3 dxe4 5. Nxe4 Nc6 6. Bb5 Bd7 7. Qe2 a6 8. Bxc6
Bxc6 9. Ne5 Bxe4 10. Qxe4 Qd5 11. Qe2 Bd6 12. Nc4 Bc7 13. b3 Ne7 14. Bb2 Ng6 15.
Ne3 Qe4 16. f5 Nf4 17. Qf2 e5 18. O-O-O f6 19. Rhe1 O-O-O 20. g3 Nh3 21. Qe2 Ng5
22. Rf1 Qc6 23. h4 Nf7 24. g4 e4 25. Ng2 Rhe8 26. Nf4 Bxf4 27. Rxf4 Rd7 28. Re1
Rde7 29. Qe3 Qd5 30. Kb1 Nd6 31. Rf2 Rd7 32. Qf4 h6 33. Rfe2 Rde7 34. Bc3 b5 35.
Bb2 Kb7 36. d3 Kc6 37. Rd2 e3 38. Rde2 h5 39. Rf1 hxg4 40. Qxg4 b4 41. Qh3 a5
42. Rf3 a4 43. Rfxe3 Rxe3 44. Rxe3 Rxe3 45. Qxe3 a3 46. c4 Qxf5 47. Bc1 Qg4 48.
Kc2 g6 49. Qe1 Qd4 50. Qh1+ Kb6 51. Qf3 Nf5 52. Kb1 Nxh4 53. Qa8 Qxd3+ 54. Ka1
Qd4+ 55. Kb1 Qd3+ 56. Ka1 Qd6 57. Qa4 Qc6 0-1

[Event "FIDE World Cup 2023"]
[Site "Baku AZE"]
[Date "2023.07.31"]
[Round "1.2"]
[White "Fier, Alexandr"]
[Black "Nagy, Gabor1"]
[Result "1-0"]
[WhiteTitle "GM"]
[BlackTitle "GM"]
[WhiteElo "2604"]
[BlackElo "2461"]
[WhiteFideId "2107139"]
[BlackFideId "737119"]
[EventDate "2023.07.30"]
[EventType "k.o."]

1. d4 d5 2. c4 e6 3. Nf3 Nf6 4. g3 Bb4+ 5. Bd2 a5 6. Bg2 O-O 7. Qc1 Be7 8. O-O
c6 9. Bf4 b5 10. c5 Nbd7 11. h4 Nh5 12. Bg5 f6 13. Be3 g6 14. Bh6 Ng7 15. Nbd2
f5 16. Ne5 Nxe5 17. dxe5 g5 18. Nf3 gxh4 19. gxh4 f4 20. Bxf4 Bxh4 21. Nxh4 Qxh4
22. Bg5 Qh5 23. f4 Nf5 24. Bf3 Qh3 25. Rf2 Nh4 26. Qf1 Nxf3+ 27. Rxf3 Qxf1+ 28.
Raxf1 Kf7 29. Rh3 b4 30. Rxh7+ Kg6 31. Rh6+ Kf5 32. Kf2 Ke4 33. Rd1 d4 34. Rh7
a4 35. Bf6 b3 36. axb3 axb3 37. Rh4 Ra4 38. f5+ Kd5 39. e3 Re8 40. Rhxd4+ Rxd4
41. Rxd4+ Kxc5 42. Rd3 exf5 43. Rxb3 Be6 44. Rb7 Rg8 45. Bg7 Ra8 46. Kf3 Ra1 47.
Re7 Kd5 48. Re8 Rf1+ 49. Ke2 Rg1 50. Rd8+ Kc4 51. Bf6 Bd5 52. Rd6 Rg2+ 53. Kf1
Rg3 54. e6 Rxe3 55. e7 Re4 56. Kf2 Kc5 57. Rd8 Bf7 58. Bg5 Re5 59. Rf8 Bg6 60.
Rf6 Bh7 61. Rh6 Bg8 62. Rg6 Bd5 63. Bf4 Re4 64. Bd6+ Kd4 65. Rf6 c5 66. Rxf5 Re6
67. Kg3 c4 68. Re5 Rg6+ 69. Kf4 Bc6 70. Bc5+ Kd3 71. e8=Q Bxe8 72. Rxe8 Rg2 73.
Re3+ Kc2 74. Ba3 Kb1 75. Rc3 Rc2 1-0

[Event "FIDE World Cup 2023"]
[Site "Baku AZE"]
[Date "2023.07.31"]
[Round "1.2"]
[White "Rakotomaharo, Fy Antenaina"]
[Black "Huschenbeth, Niclas"]
[Result "1/2-1/2"]
[WhiteTitle "IM"]
[BlackTitle "GM"]
[WhiteElo "2463"]
[BlackElo "2603"]
[WhiteFideId "13100050"]
[BlackFideId "24604747"]
[EventDate "2023.07.30"]
[EventType "k.o."]

1. e4 e5 2. Nf3 Nc6 3. Bb5 a6 4. Ba4 Nf6 5. O-O Nxe4 6. d4 b5 7. Bb3 d5 8. dxe5
Be6 9. Be3 Be7 10. c3 O-O 11. Re1 Qd7 12. Nbd2 Nxd2 13. Qxd2 Na5 14. Bc2 Nc4 15.
Qd3 g6 16. Bc1 Rfd8 17. Nd4 c5 18. Nxe6 Qxe6 19. Qe2 d4 20. f4 f5 21. a4 dxc3
22. bxc3 Kg7 23. Bd3 Nb6 24. axb5 c4 25. Bc2 axb5 26. Bd2 Na4 27. Reb1 Qc6 28.
Be1 Nc5 29. Kf1 Ne6 30. Bd2 Ra6 31. Qe1 Rda8 32. Rxa6 Qxa6 33. Bd1 Nc5 34. Bf3
Nd3 35. Qe2 Rd8 36. g3 b4 37. cxb4 Qa2 38. Rd1 Nb2 39. Rc1 Nd3 40. Rd1 Nb2 41.
Rc1 Nd3 42. Rd1 1/2-1/2

[Event "FIDE World Cup 2023"]
[Site "Baku AZE"]
[Date "2023.07.31"]
[Round "1.2"]
[White "Kadric, Denis"]
[Black "Salinas Herrera, Pablo"]
[Result "0-1"]
[WhiteTitle "GM"]
[BlackTitle "GM"]
[WhiteElo "2601"]
[BlackElo "2468"]
[WhiteFideId "14403803"]
[BlackFideId "3407128"]
[EventDate "2023.07.30"]
[EventType "k.o."]

1. e4 e5 2. Nf3 Nc6 3. Bc4 Bc5 4. O-O Nf6 5. d3 d6 6. c3 O-O 7. Re1 Bb6 8. a4 a5
9. h3 h6 10. Nbd2 Be6 11. Bxe6 fxe6 12. Nc4 Ba7 13. Be3 Bxe3 14. Rxe3 Qd7 15.
Qb3 b6 16. d4 exd4 17. cxd4 Nb4 18. Ncd2 Rf7 19. Rc1 Raf8 20. Rec3 Ne8 21. Nf1
Rf4 22. Re3 Qf7 23. Ng3 Qg6 24. Rf1 Kh8 25. Nd2 Qf7 26. f3 Qd7 27. Ne2 R4f7 28.
f4 Nf6 29. Ng3 Ng8 30. Ref3 d5 31. e5 c5 32. Ne2 Ne7 33. Qd1 Nf5 34. dxc5 bxc5
35. Nb3 Qxa4 36. Nxc5 Qc6 37. Nb3 Qb6+ 38. R1f2 Nc6 39. Qc1 Nh4 40. Re3 d4 41.
Re4 d3 42. Ned4 Nxd4 43. Nxd4 Rd8 0-1

[Event "FIDE World Cup 2023"]
[Site "Baku AZE"]
[Date "2023.07.31"]
[Round "1.2"]
[White "Goh, Wei Ming Kevin"]
[Black "Dardha, Daniel"]
[Result "1/2-1/2"]
[WhiteTitle "GM"]
[BlackTitle "GM"]
[WhiteElo "2473"]
[BlackElo "2600"]
[WhiteFideId "5800706"]
[BlackFideId "240990"]
[EventDate "2023.07.30"]
[EventType "k.o."]

1. e4 e5 2. Nf3 Nc6 3. Bc4 Bc5 4. d3 h6 5. Nc3 Nf6 6. O-O O-O 7. Be3 Bxe3 8.
fxe3 d6 9. a3 Be6 10. Bb5 Ne7 11. d4 Ng6 12. Bd3 c5 13. d5 Bd7 14. Nd2 a6 15. a4
b6 16. Qe2 Bg4 17. Qe1 Bd7 18. Qe2 Bg4 19. Qe1 Bd7 20. h3 Qc7 21. Qe2 Qb7 22.
Rf2 Ne8 23. Nc4 Rb8 24. b3 b5 25. Na5 Qb6 26. axb5 axb5 27. Nc6 Bxc6 28. dxc6
Nc7 29. Nd5 Qxc6 30. Nxc7 Qxc7 31. Bxb5 d5 32. exd5 e4 33. Bc4 Qg3 34. Raf1 Ne5
35. Kh1 Ra8 36. Rf4 f5 37. d6+ Kh7 38. Bd5 Rad8 39. d7 Nxd7 40. Rxf5 Rxf5 41.
Rxf5 Nf6 42. Bc4 Ra8 43. Rf1 Qe5 44. Qd2 Nh5 45. Qd5 Ng3+ 46. Kg1 Qxd5 47. Bxd5
Ra2 48. Rd1 Ne2+ 49. Kh2 Nc3 50. Rd2 Nxd5 51. Rxd5 Rxc2 52. Re5 Rc3 53. Rxe4
Rxb3 54. Rc4 Rxe3 1/2-1/2